[Event "El Puerto St Maria op 17th"]
[Site "Cadiz"]
[Date "2002.07.30"]
[Round "2.34"]
[White "Serrano Alvarez, Ruben"]
[Black "Galdon Quiroga, Joaquin"]
[Result "1-0"]
[WhiteElo "1700"]
[BlackElo "1700"]
[PlyCount "53"]
[EventDate "2002.07.29"]
[EventType "swiss"]
[EventRounds "7"]
[EventCountry "ESP"]
[SourceTitle "EXT 2004"]
[Source "ChessBase"]
[SourceDate "2003.11.25"]
[SourceVersion "1"]
[SourceVersionDate "2003.11.25"]
[SourceQuality "1"]

1. e4 c5 2. Nc3 Nc6 3. Nf3 Nf6 4. d4 cxd4 5. Nxd4 Nxd4 6. Qxd4 d6 7. e5 dxe5 8. Qxe5 g6 9. Bg5 Bg7 10. Bb5+ Bd7 11. Ne4 Bxb5 12. Nxf6+ Kf8 13. Qxb5 exf6 14. Be3 b6 15. 0-0 f5 16. c3 Be5 17. Rad1 Qb8 18. g3 Kg7 19. Rd7 Rf8 20. Re7 Bd6 21. Rd7 Qe8 22. Rd1 Be5 23. Re1 Kg8 24. Bh6 a6 25. Qxe5 Qxe5 26. Rxe5 Rac8 27. Ree7 1-0